000 00737nas a2200229 4500
005 20181003101039.0
008 181003b xxu||||| |||| 00| 0 spa d
022 _a16593383
082 _aInvestiga.TEC Mes Setiembre, N° 33, 18
100 _aGrajales Navarrete, Irina
_950094
245 _aPrueban planta que "mataría" cáncer de mama
260 _aCosta Rica
260 _bTecnológica de Costa Rica
260 _c2018
300 _a1 página
440 _aInvestiga.TEC
_n33
_vSetiembre
_950095
650 _aCOSTA RICA
_950096
650 _aCÁNCER DE MAMA
_917526
650 _aCHILILLO
_950097
942 _cREV
773 0 _09516
_932132
_a
_b
_dCosta Rica Tecnológica de Costa Rica 2017
_oIT1833
_tInvestiga. TEC
_w
_x16593383
_z
999 _c11225
_d11225